| 000 | 00506nam a2200193Ia 4500 | ||
|---|---|---|---|
| 999 |
_c284 _d284 |
||
| 020 | _a0-7167-0931-7 | ||
| 082 | _a304.6072 KEY-P | ||
| 100 | _aKeyfitz, Nathan | ||
| 245 | 0 | _aPopulation: facts and methods of demography | |
| 260 |
_aSan Francisco _bW.H. Freeman _c1971 |
||
| 300 | _a613p. | ||
| 504 | _aIncludes index | ||
| 650 | _aPopulation - Statistics | ||
| 650 | _aPopulation policy | ||
| 650 | _aPopulation research | ||
| 650 | _aDemographic surveys | ||
| 700 | _aFlieger, Wilhelm | ||
| 942 | _cBK | ||